New economic policy reforms & development (Record no. 1563)

MARC details
000 -LEADER
fixed length control field 00562cam a2200205ua 4500
008 - FIXED-LENGTH DATA ELEMENTS--GENERAL INFORMATION
fixed length control field 110715n ii |||gr||||Z||||||eng
020 ## - INTERNATIONAL STANDARD BOOK NUMBER
International Standard Book Number 81-7099-530-2
040 ## - CATALOGING SOURCE
Transcribing agency MAIN
082 ## - DEWEY DECIMAL CLASSIFICATION NUMBER
Classification number 330.01
100 ## - MAIN ENTRY--PERSONAL NAME
Personal name Prasad, Siddheswar,
Relator term
245 1# - TITLE STATEMENT
Title New economic policy reforms & development
Statement of responsibility, etc. by Suddheswar Prasad
250 ## - EDITION STATEMENT
Edition statement 1st.
260 ## - PUBLICATION, DISTRIBUTION, ETC.
Place of publication, distribution, etc. New Delhi:
Name of publisher, distributor, etc. Mittal publications,993.
300 ## - PHYSICAL DESCRIPTION
Extent x; 294p:
Dimensions 23cm.
700 ## - ADDED ENTRY--PERSONAL NAME
Personal name Prasad, Jagdish,
942 ## - ADDED ENTRY ELEMENTS (KOHA)
Koha item type Books
653 ## - INDEX TERM--UNCONTROLLED
Uncontrolled term Economics
653 ## - INDEX TERM--UNCONTROLLED
Uncontrolled term new economic policy reforms & development
Holdings
Withdrawn status Lost status Damaged status Not for loan Home library Current library Shelving location Date acquired Total Checkouts Full call number Barcode Date last seen Copy number Price effective from Koha item type
        Central Library, Naharkatiya College Central Library, Naharkatiya College General Stacks 19/09/2020   330.01 | PRA 17042 19/09/2020 2 19/09/2020 Books
        Central Library, Naharkatiya College Central Library, Naharkatiya College General Stacks 19/09/2020   330.01 | PRA 2397 19/09/2020 1 19/09/2020 Books

Naharkatiya College © 2020. All rights reserved.

Powered By